LEADER 00920cam0 2200265 450 001 E600200029003 005 20201005074110.0 100 $a20070905d1989 |||||ita|0103 ba 101 $aita 102 $aIT 200 1 $aNapoli nel 1799$eRivoluzione e proprietà$euna ricerca su borghesia e nobiltà nel Mezzogiorno in Italia$fClaudia Petraccone 210 $aNapoli$cMorano$d1989 215 $a359 p.$d21 cm 225 2 $aCollana di Storia$v2 410 1$1001LAEC00019116$12001 $a*Collana di Storia$v2 700 1$aPetraccone$b, Claudia$3AF00003411$4070$033371 801 0$aIT$bUNISOB$c20201005$gRICA 850 $aUNISOB 852 $aUNISOB$j900$m73063 912 $aE600200029003 940 $aM 102 Monografia moderna SBN 941 $aM 957 $a900$b002488$gSi$d73063$racquisto$1pregresso2$2UNISOB$3UNISOB$420070905133248.0$520201005074110.0$6rovito 996 $aNapoli nel 1799$9149149 997 $aUNISOB